Géographie Physique d'Afrique - Statistiques

Statistiques générales
  • Ce quiz a été pris 16 663 fois
  • Le résultat moyen est 12 sur 23
Statistiques - réponses
Indice Réponse % Correct
Plus grands déserts Sahara
94%
Plus grande île Madagascar
92%
Plus longs fleuves Nil
90%
Plus hautes montagnes Kilimandjaro
88%
Canal reliant la Mer Méditerranée et la Mer Rouge Canal de Suez
83%
Détroit entre l'Afrique et l'Europe Détroit de Gibraltar
82%
Région comptant la Somalie, Ethiopie, Erythrée et Djibouti La {Corne} de l'Afrique
78%
Cap au sud de la péninsule du Cap Cap de {Bonne-Espérance}
71%
Massif montagneux du Maroc, d'Algérie et de Tunisie L'Atlas
70%
Plus grands lacs (en superficie) Victoria
67%
Ecosystème parsemé d'arbres et arbustes, notamment rencontrédans la région ci-dessus Savane
57%
Plus longs fleuves Congo
56%
Archipel de l'océan Indien faisant partie de Tanzanie Zanzibar
50%
Plus longs fleuves Niger
46%
Bande semi-aride située le long de la bordure sud du désert #1 Sahel
39%
Plus longs fleuves Zambèze
30%
Plus grands déserts Kalahari
29%
Plus hautes montagnes Mont Kenya
23%
Plus grands lacs (en superficie) Malawi
22%
Terme désignant un fleuve d'Afrique du Nord ou des régions semi-désertiques, le plus souvent à sec Oued
16%
Plus grands lacs (en superficie) Tanganyika
15%
Région de Tanzanie et du Kenya, théâtre de la migration demilliers d'animaux chaque année Plaine du {Serengeti}
12%
Série de failles et de volcans de 3 000 km de long, située en Afrique de l'Est Vallée du Grand Rift
12%
Aucun quiz correspondant
Distribution des résultats
% des personnes avec chaque résultat
Percentile par nombre de réponses
Votre historique - résultats
Vous n’avez pas pris ce quiz